Vista normal
Vista MARC
Entrada Nombre personal
Número de registros utilizados en: 2
001 - NÚMERO DE CONTROL
- campo de control: 75771
003 - IDENTIFICADOR DEL NÚMERO DE CONTROL
- campo de control: BNPHU
005 - FECHA Y HORA DE LA ÚLTIMA TRANSACCIÓN
- campo de control: 20240228142353.0
008 - DATOS DE LONGITUD FIJA
- campo de control de longitud fija: 200615|| aca||aabn | a|a d
040 ## - FUENTE DE LA CATALOGACIÓN
- Centro catalogador/agencia de origen: DO-SdBNP
- Lengua de catalogación: spa
- Centro/agencia transcriptor: BNPHU
- Normas de descripción: rda
100 1# - ENCABEZAMIENTO-NOMBRE DE PERSONA
- Nombre de persona: Vlak, Odilius
370 ## - LUGAR ASOCIADO
- Lugar de nacimiento: Azua de Compostela ( Republica Dominicana)
374 ## - OCUPACIÓN
- Ocupación: Periodista
- Ocupación: Escritor
375 ## - GÉNERO/SEXO
- Género/Sexo: Masculino
377 ## - LENGUA/LENGUAJE ASOCIADO
- Código del idioma: Español
400 1# - TRAZADO DE VÉASE--NOMBRE DE PERSONA
- Nombre de persona: Ovando Pujols, Juan Julio
400 1# - TRAZADO DE VÉASE--NOMBRE DE PERSONA
- Nombre de persona: Pujols, Juan Julio Ovando
670 ## - FUENTE DE DATOS ENCONTRADOS
- Cita de la fuente: Pérez, Jorge E. 75770, El verdugazo /, 2018.
670 ## - FUENTE DE DATOS ENCONTRADOS
- Cita de la fuente: Crónicas historiológicas, 2017
